Govt. of
Madhya Pradesh

100 Glorious Years (Record no. 6356)

MARC details
000 -LEADER
fixed length control field 004100000a22001690004500
003 - CONTROL NUMBER IDENTIFIER
control field MACL
005 - DATE AND TIME OF LATEST TRANSACTION
control field 20151027110650.0
008 - FIXED-LENGTH DATA ELEMENTS--GENERAL INFORMATION
fixed length control field 151027b xxu||||| |||| 00| 0 eng d
040 ## - CATALOGING SOURCE
Original cataloging agency MACL
Transcribing agency MACL
041 ## - LANGUAGE CODE
Language code of text/sound track or separate title English
082 ## - DEWEY DECIMAL CLASSIFICATION NUMBER
Classification number 954
100 ## - MAIN ENTRY--PERSONAL NAME
Personal name Gandhi, Rajiv
9 (RLIN) 16830
245 ## - TITLE STATEMENT
Title 100 Glorious Years
260 ## - PUBLICATION, DISTRIBUTION, ETC. (IMPRINT)
Name of publisher, distributor, etc. Indian National Congress
Date of publication, distribution, etc. 1985
Place of publication, distribution, etc. Bombay
650 ## - SUBJECT ADDED ENTRY--TOPICAL TERM
Topical term or geographic name as entry element History
9 (RLIN) 16831
942 ## - ADDED ENTRY ELEMENTS (KOHA)
Koha item type Books
Call number prefix 954
Source of classification or shelving scheme
Holdings
Withdrawn status Lost status Source of classification or shelving scheme Damaged status Not for loan Home library Current library Date acquired Total Checkouts Full call number Barcode Date last seen Uniform Resource Identifier Price effective from Koha item type
          MACL MACL 27/10/2015   954 CRE003738 02/05/2024 6297 15/04/2015 Books